01433cas a22003377ar450000500170000000800410001701000100005801100100006802200140007803500100009221000150010224500190011726000360013630000070017231000140017936200230019350000850021658100920030165000450039377000570043878000720049578500550056778500770062278500960069986600600079586600310085586600560088686600580094286600600100086600350106020220329142019.0990217c19952006uk br p rnn 0 0b1eng d a77063 a780350 a1357-7298 a878390 aAnim. sci.00aAnimal science aWallingford :bCABI,c1995-2006 av. aBimestral1 av. 60 part.1, 1995 aInicia en 1995 con el vol. 60, part. 1, cierra en el 2006 con el vol. 82, pte. 68 aPie de imprenta varía: Pencaitland : Durrant ; Cambridge : Cambridge University Press14aGanaderíaxPublicaciones periódicas.0 tProceedings of the British Society of Animal Science07tAnimal Production (vol. 1, 1959 - vol. 59, pte. 3, 1994)x0003-356107tAnimal (France) (vol. 1, no. 1, 2007- )x1751-731107tAnimal research (vol. 50, no. 1, 2001 - vol. 55, no. 6, 2006)x1627-358307tReproduction nutrition development (vol. 29, no. 1, 1989 - vol. 46, no. 6, 2006)x0926-5287 av. 70 n. 1 (February 2000) - v. 71 n. 3 (December 2000) av. 72 n. 1 (February 2001) av. 78 n. 1 (February 2004) - v. 78 n. 3 (June 2004) av. 79 n. 1 (August 2004) - v. 79 n. 3 (December 2004) av. 82 n. 1 (February 2006) - v. 82 n. 6 (December 2006) av.60 n.1-v.69n.3 - (1998-1999)